• 首页
  • 本馆介绍
  • 公告通知
  • 最新文献
  • 馆藏检索
  • 电子资源
  • 读者荐购
  • 参考咨询
  • CALIS
  • 我的图书馆
  • 登录
  • 详细信息显示
  • 放入我的书架
  • 预约/预借图书
  • 作者相关作品
  • 分类相关作品
  • 丛书相关作品
  • 出版社相关作品

书目信息

  • 表格格式
  • 工作单格式
  • 卡片格式
题名:
乡村旅游地主客地方感研究
    
 
作者: 李海娥, 著
分册:  
出版信息: 北京   中国社会科学出版社  2018.10
页数: 185页
开本: 24cm
丛书名:
单 册:
中图分类: F590.75
科图分类:
主题词: 乡村旅游--xiang cun lu^ you--游客--研究
电子资源:
ISBN: 978-7-5203-3321-4
 
 
 
 
 
000 01158nam0 2200265 450
001 202019133751
005 20190921113345.0
010    @a978-7-5203-3321-4@dCNY58.00
100    @a20190919d2018 em y0chiy50 ea
101 0  @achi@deng
102    @aCN@b110000
105    @aak a 000yy
106    @ar
200 1  @a乡村旅游地主客地方感研究@Axiang cun lv you di zhu ke di fang gan yan jiu@f李海娥著
210    @a北京@c中国社会科学出版社@d2018.10
215    @a185页@c图@d24cm
300    @a湖北省社科基金项目的资助 (项目编号: BSY18005)
314    @a李海娥, 现任中南民族大学管理学院旅游系教师。
320    @a有书目 (第150-179页)
330    @a本书选择基于人地关系的地方感开展乡村旅游研究, 并认为主客地方感能促进乡村旅游可持续发展。通过构建和检验地方感影响效应模型进一步论证了主客地方感促进乡村旅游可持续发展的可行性, 回答了主客地方感如何促进乡村旅游可持续发展这一研究问题。根据理论研究和实证研究的结果, 从地方感的视角给出了促进乡村旅游地可持续发展的管理建议。
606 0  @a乡村旅游@Axiang cun lu^ you@x游客@x研究
690    @aF590.75@v5
701  0 @a李海娥,@Ali hai e@f1978-@4著
801  0 @aCN@c20190905
905    @a河南城建学院图书馆@dF590.75@eL170
    
    乡村旅游地主客地方感研究/李海娥著.-北京:中国社会科学出版社,2018.10
    185页:图;24cm
    湖北省社科基金项目的资助 (项目编号: BSY18005)
    
    ISBN 978-7-5203-3321-4:CNY58.00
    本书选择基于人地关系的地方感开展乡村旅游研究, 并认为主客地方感能促进乡村旅游可持续发展。通过构建和检验地方感影响效应模型进一步论证了主客地方感促进乡村旅游可持续发展的可行性, 回答了主客地方感如何促进乡村旅游可持续发展这一研究问题。根据理论研究和实证研究的结果, 从地方感的视角给出了促进乡村旅游地可持续发展的管理建议。
●
相关链接 在E读中查询图书 在当当中查询图书 在豆瓣中查询图书


正题名:乡村旅游地主客地方感研究     索取号:F590.75/L170         预约/预借

序号 登录号 条形码 馆藏地/架位号 状态 备注
1 1441274   214412740   社科库409/409社科库 39排4列3层/ [索取号:F590.75/L170] 在馆    
2 1441275   214412759   社科库409/409社科库 39排4列3层/ [索取号:F590.75/L170] 在馆    
河南城建学院图书馆 欢迎您!
大连网信软件有限公司© 版权所有